Cómputo de votos y declaratorias de elección para presidente y vicepresidentes, diputados a la Asamblea Legislativa, regidores y síndicos municipales. Elecciones del 5 de febrero de 1978.
El libro ofrece un análisis detallado del proceso electoral que tuvo lugar el 5 de febrero de 1978. El informe se centra en el cómputo de votos y las declaratorias de elección para varios cargos, incluyendo presidente, vicepresidentes, diputados, regidores y síndicos municipales. El documento examin...
Gorde:
| Egile korporatiboa: | , |
|---|---|
| Formatua: | Texto |
| Hizkuntza: | Spanish |
| Argitaratua: |
San José :
Costa Rica.Tribunal Supremo de Elecciones
|
| Gaiak: | |
| Etiketak: |
Etiketa erantsi
Etiketarik gabe, Izan zaitez lehena erregistro honi etiketa jartzen!
|
MARC
| LEADER | 00000 a a2200000 04500 | ||
|---|---|---|---|
| 001 | 18002 | ||
| 003 | cru CIDCACS/IIS | ||
| 005 | 20240108111636.0 | ||
| 008 | 170324b xxu||||| |||| 00| 0 spa d | ||
| 020 | |a [sin ISBN] | ||
| 022 | |a [sin ISSN] | ||
| 040 | |c CRAI/IIS |a CRAI/IIS | ||
| 090 | |a 04.04.02 C8373c | ||
| 110 | |a Costa Rica. Tribunal Supremo de Elecciones | ||
| 245 | 1 | 0 | |a Cómputo de votos y declaratorias de elección para presidente y vicepresidentes, diputados a la Asamblea Legislativa, regidores y síndicos municipales. Elecciones del 5 de febrero de 1978. |c Tribunal Supremo de Elecciones de Costa Rica |
| 260 | |a San José : |b Costa Rica.Tribunal Supremo de Elecciones | ||
| 520 | |a El libro ofrece un análisis detallado del proceso electoral que tuvo lugar el 5 de febrero de 1978. El informe se centra en el cómputo de votos y las declaratorias de elección para varios cargos, incluyendo presidente, vicepresidentes, diputados, regidores y síndicos municipales. El documento examina los procedimientos y protocolos utilizados en el conteo de votos, así como los resultados finales y las declaratorias de los diferentes puestos en disputa. Se detalla la logística de la jornada electoral, los desafíos encontrados y las soluciones implementadas para garantizar la transparencia y la legitimidad del proceso electoral. Además, el informe aborda las implicaciones políticas y sociales de los resultados electorales, contextualizando el panorama político costarricense de la época. Se analiza la participación ciudadana, las tendencias electorales y las dinámicas que dieron forma al resultado final. RAR 12/2023 | ||
| 650 | 0 | |a ELECCIONES |2 OCDE |9 306 | |
| 650 | 0 | |a TRIBUNAL SUPREMO DE ELECCIONES (COSTA RICA) |2 OCDE |9 5240 | |
| 650 | 0 | |a VOTACION |2 OCDE |9 3795 | |
| 650 | 0 | |a PRESIDENCIA |2 OCDE |9 3554 | |
| 650 | 0 | |a PARTICIPACION ACTIVA |2 OCDE |9 11602 | |
| 650 | 0 | |a SISTEMAS ELECTORALES |9 2174 | |
| 650 | |2 OCDE | ||
| 651 | 0 | |a COSTA RICA |2 OCDE |9 32 | |
| 710 | |a TSE | ||
| 942 | |2 ddc |c LI | ||
| 999 | |c 19048 |d 19048 | ||
